Southville International School and Colleges
Your cart is empty.
  • Cart
  • Lists
    Public lists Eva Luna New books Lux_list list_1
    Your lists Log in to create your own lists
  • Log in to your account
  • Your cookies
  • Search history
Southville International School and Colleges
  • Advanced search
  • Recent comments
  • Most popular
  • Libraries

Log in to your account

Log in with GOOGLE


If you do not have an external account, but do have a local account, you can still log in:

  1. Home
  2. MARC view: A universe from nothing :
Normal view MARC view ISBD view

A universe from nothing : (Record no. 288235)

[ view plain ]
MARC details
000 -LEADER
fixed length control field 00635nam a2200181Ia 4500
008 - FIXED-LENGTH DATA ELEMENTS--GENERAL INFORMATION
fixed length control field 150610s9999 xx 000 0 und d
020 ## - INTERNATIONAL STANDARD BOOK NUMBER
International Standard Book Number 9781451624458
050 ## - LIBRARY OF CONGRESS CALL NUMBER
Classification number QB981
Item number .K773 2012
100 ## - MAIN ENTRY--PERSONAL NAME
Personal name Krauss, Lawrence Maxwell
245 #2 - TITLE STATEMENT
Title A universe from nothing :
Remainder of title why there is something rather than nothing /
Statement of responsibility, etc Lawrence M. Krauss ; with an afterword by Richard Dawkins.
250 ## - EDITION STATEMENT
Edition statement 1st Free Press hardcover ed.
260 ## - PUBLICATION, DISTRIBUTION, ETC. (IMPRINT)
Place of publication, distribution, etc New York :
Name of publisher, distributor, etc Free Press,
Date of publication, distribution, etc 2012.
300 ## - PHYSICAL DESCRIPTION
Extent 202pages :
Other physical details illustrations ;
Dimensions 24 cm.
504 ## - BIBLIOGRAPHY, ETC. NOTE
Bibliography, etc Includes index.
520 ## - SUMMARY, ETC.
Summary, etc Cosmology.
650 ## - SUBJECT ADDED ENTRY--TOPICAL TERM
General subdivision Beginning.
650 ## - SUBJECT ADDED ENTRY--TOPICAL TERM
General subdivision End of the universe.
Holdings
Withdrawn status Lost status Damaged status Home library Current library Shelving location Date acquired Total Checkouts Full call number Barcode Date last seen Price effective from Koha item type
      Stonyhurst Southville International School (Batangas) Stonyhurst Southville International School (Batangas) High School Section 06/10/2015   QB981.K773 2012 US-1763 06/10/2015 06/10/2015 Books

A universe from nothing :

APA

Krauss L. M., . (2012). A universe from nothing. New York: Free Press.

Chicago

Krauss Lawrence Maxwell, . 2012. A universe from nothing. New York: Free Press.

Harvard

Krauss L. M., . (2012). A universe from nothing. New York: Free Press.

MLA

Krauss Lawrence Maxwell, . A universe from nothing. New York: Free Press. 2012.

  • Place hold
  • Print
  • Cite
  • Add to your cart (remove)
  • Save record
    BIBTEX Dublin Core MARCXML MARC (non-Unicode/MARC-8) MARC (Unicode/UTF-8) MARC (Unicode/UTF-8, Standard) MODS (XML) RIS
  • More searches
    Search for this title in:
    Other Libraries (WorldCat) Other Databases (Google Scholar) Online Stores (Bookfinder.com) Open Library (openlibrary.org)

Exporting to Dublin Core...

SOUTHVILLE LIBRARY

Southville International School and Colleges Library

1281 Tropical Ave. Cor. Luxembourg St., BF Homes International, Las Pinas City

Tel. No. 8256374 / 252358 Loc. 117/146

Powered by Koha